[Event "5th Srefidensi Celebration 2017"]
[Site "Paramaribo"]
[Date "2017.11.21"]
[Round "1"]
[White "Bruzon Batista, Lazaro"]
[Black "Guerrero Vargas, Andres Jesus"]
[Result "1-0"]
[WhiteElo "2661"]
[BlackElo "2307"]
[Annotator "TA"]
[PlyCount "79"]
[EventDate "2017.??.??"]
[EventCountry "SUR"]
[SourceTitle "playchess.com"]
[Source "ChessBase"]
[SourceQuality "1"]

{[%evp 9,79,3,17,7,28,16,35,-12,7,10,56,45,56,52,58,58,54,57,54,56,70,70,85,70,84,66,64,63,78,62,83,0,0,0,0,-21,-28,-31,-52,-79,-23,-66,-86,-89,0,-8,0,-11,64,64,227,231,253,266,230,249,335,332,299,186,393,291,789,869,917,917,836,819,716,672,29986,29987]} 1. Nf3 c5 2. c4 Nc6 3. Nc3 Nf6 4. e3 e5 5. d4 e4 6. Ne5 {A34: Symmetrical English: 2 Nc3, lines with ...d5} h5 7. a3 $146 ({Predecessor:} 7. Be2 Bd6 8. Nxc6 dxc6 9. dxc5 Bxc5 10. Qxd8+ Kxd8 11. Bd2 Ke7 12. Na4 Bd6 13. c5 {1-0 (46) Belous,V (2584)-Karjakin,S (2777) Moscow 2014}) 7... Qc7 8. f4 {White is slightly better.} d6 9. Nxc6 Qxc6 10. Be2 g6 11. b4 Bg7 12. Bb2 {Strongly threatening dxc5.} O-O 13. bxc5 dxc5 14. d5 Qb6 {[#] Hoping for ...Ng4.} 15. Rb1 Qd8 16. O-O Bf5 17. Ba1 b6 18. a4 {[%cal Ba3a4,Ba4a5][%mdl 32]} Ne8 19. a5 Nd6 20. h3 (20. Nb5 $16) 20... Bd7 $11 21. Qd2 bxa5 22. Nd1 a4 23. Bxg7 Kxg7 24. Nc3 {[%cal Bd1c3,Bc3a4,Ba4c5,Bc5e4,Be4d6][%mdl 32]} Qh4 (24... Qf6 $17) 25. Ra1 Qg3 26. Nxa4 Bxh3 ({Black should play} 26... Bxa4 $17 27. Rxa4 a5) 27. Rf2 Rfc8 {[#]} 28. Nxc5 $1 {[%mdl 512]} Kh7 ({Black should try} 28... Kg8 $11 29. Qd4 Re8) (28... Rxc5 29. Qd4+) 29. Qd4 $14 Nf5 $2 (29... Bf5 $14) 30. Nxe4 $18 Qxf2+ 31. Kxf2 Nxd4 32. exd4 Bf5 33. Nd6 Rcb8 34. c5 {[%cal Bc4c5,Bc5c6,Bc6c7][%mdl 32]} ({Weaker is} 34. Nxf7 a5 $16) 34... a5 $2 (34... Rb2 {might work better.}) 35. c6 Rb2 $2 (35... Rd8) 36. Nxf5 gxf5 37. d6 Rc2 38. c7 Rg8 39. Rxa5 f6 40. Rc5 {Precision: White = 67%, Black = 30%.} 1-0

[Event "5th Srefidensi Celebration 2017"]
[Site "Paramaribo"]
[Date "2017.11.21"]
[Round "1"]
[White "Tiviakov, Sergei"]
[Black "Farley, Terry"]
[Result "1-0"]
[WhiteElo "2591"]
[BlackElo "2253"]
[Annotator "TA"]
[PlyCount "105"]
[EventDate "2017.??.??"]
[EventCountry "SUR"]

{[%evp 24,105,71,27,57,48,95,84,91,72,93,56,62,40,40,36,30,29,79,75,100,95,92,83,95,83,93,81,124,122,158,164,197,202,181,175,155,141,135,135,135,126,142,114,116,111,115,113,110,108,134,141,137,138,135,127,127,124,128,107,115,106,108,110,115,115,122,114,139,133,295,279,368,367,381,374,777,800,895,881,835,780,1061,1047]} 1. e4 c5 2. Nc3 Nc6 3. Nge2 g6 4. d4 cxd4 5. Nxd4 Bg7 6. Be3 d6 7. Qd2 Nf6 8. f3 O-O 9. Bc4 Na5 10. Bb3 Nxb3 11. axb3 d5 {B77: Sicilian Dragon: Yugoslav Attack, 9 Bc4 sidelines} (11... Bd7 12. O-O a6 13. Rfd1 Re8 14. Nde2 Rc8 15. Nf4 Bc6 16. Qf2 Nd7 17. Nd3 Qc7 18. Nb4 a5 19. Nxc6 bxc6 20. Ra2 Ra8 21. Rda1 Reb8 22. Qd2 {1-0 (22) Stephan,U (2579)-Serafim,J (2584) ICCF email 2007}) 12. e5 Ne8 13. f4 {LiveBook: 5 Games} Nc7 {White has an edge.} 14. O-O Bd7 15. Nf3 a6 $146 ({Predecessor:} 15... e6 16. Bxa7 Na6 17. Be3 Qc7 18. Na4 Bxa4 19. Rxa4 {0-1 (74) Sandu,M (2313)-Gachet,S (2271) France 2008}) 16. Bb6 e6 17. Bf2 Qe7 18. Bh4 Qc5+ 19. Kh1 Rfc8 20. Nd4 Nb5 21. Ncxb5 Bxb5 22. Rf3 Bd7 23. Bf6 Qf8 24. Qe1 Re8 25. Re3 Rac8 26. Qh4 Rc7 27. c3 ({Don't take} 27. Rh3 $6 h5 $16) 27... Bb5 28. Rh3 {[%csl Gh3][%cal Rh4h7] [#]} h6 29. Re1 Bd7 30. Bxg7 Qxg7 31. Qxh6 Qxh6 32. Rxh6 Kg7 33. Rh4 a5 34. Re3 b5 35. Reh3 b4 36. Kg1 Rec8 {[%cal Rb4c3]} 37. Rh7+ Kf8 {[%cal Rb4c3]} 38. Rh8+ Ke7 39. Rxc8 Rxc8 $16 {[%mdl 4096] Endgame KRB-KRN} 40. Kf2 Rb8 41. Re3 a4 42. bxa4 {aiming for b3.} bxc3 43. bxc3 ({Much weaker is} 43. Rxc3 $6 Rxb2+ 44. Kg3 Rb4 $11) 43... Bxa4 44. g4 Rb7 45. Kg3 Bd7 46. Kh4 Kf8 $2 {[#]} (46... Rb1 $16 {keeps fighting.} 47. Kg5 Rh1) 47. Kg5 $18 Rb2 48. Re2 Rb1 49. Ra2 Kg7 $2 (49... Rc1 50. Ra7 Ke8) 50. Ra7 {White is clearly winning.} Bc8 51. Rc7 Rb8 52. h4 {[%cal Bh2h4,Bh4h5][%mdl 32]} Ra8 53. h5 {Precision: White = 75%, Black = 52%.} 1-0

[Event "5th Srefidensi Celebration 2017"]
[Site "Paramaribo"]
[Date "2017.11.21"]
[Round "1"]
[White "Enkhtuul, Altan-Ulzii"]
[Black "Gajadin, Dewperkash"]
[Result "1-0"]
[WhiteElo "2356"]
[BlackElo "2054"]
[Annotator "TA"]
[PlyCount "57"]
[EventDate "2017.??.??"]
[EventCountry "SUR"]
[SourceTitle "playchess.com"]
[Source "ChessBase"]
[SourceQuality "1"]

{[%evp 11,57,17,25,-20,1,-45,-52,-46,-8,-139,71,62,60,76,67,58,77,60,59,47,36,36,109,97,115,96,131,121,125,146,170,185,182,164,114,159,341,347,362,355,358,359,342,355,-13,337,492,483]} 1. d4 Nf6 2. Nf3 e6 3. g3 b6 4. Bg2 Bb7 5. O-O c5 6. c4 cxd4 {LiveBook: 473 Games. A30: Symmetrical English: Double Fianchetto and Hedgehog} 7. Bf4 (7. Qxd4 d6 8. Nc3 a6 9. Rd1 Nbd7 10. b3 Be7 11. e4 Qc8 12. Qe3 O-O 13. Ba3 Nc5 14. Nd4 Qc7 15. h3 Rac8 16. Rac1 Qb8 17. g4 Qa8 18. Re1 g6 19. Bb2 {1-0 (56) Adly,A (2599)-Mchedlishvili,M (2601) Doha 2016}) 7... d6 8. Na3 e5 {Black is slightly better.} 9. Bg5 Be7 $146 ({Predecessor:} 9... h6 10. Bxf6 Qxf6 11. Re1 Qd8 12. e3 dxe3 13. Rxe3 Be7 14. Nxe5 dxe5 15. Qxd8+ Kxd8 16. Bxb7 Bxa3 17. bxa3 Nc6 18. Bxa8 {1-0 (18) Gomez Millan,A-Esteban Posadilla,R Madrid 2000}) 10. Qc2 (10. Bxf6 $1 $11 Bxf6 11. e3) 10... O-O $2 (10... Nbd7 $17 {keeps the pressure on. aiming for ...Be4.} 11. Bxf6 Nxf6 12. Qa4+ Kf8) 11. Bxf6 $1 $16 Bxf6 {[#]} 12. Ng5 $1 {[%mdl 512]} Bxg5 13. Bxb7 Nd7 14. Bxa8 Qxa8 15. Qf5 $36 {[%mdl 2048] White has the initiative.} Qd8 16. Nb5 {[%cal Ba3b5,Bb5a7,Ba7c6,Bc6b4][%mdl 32]} Nc5 (16... g6 $14 17. Qc2 Nf6) 17. Nxa7 g6 18. Qc2 f5 19. Nc6 Qc8 20. Nb4 $1 f4 {[#]} 21. Kg2 $1 e4 {[#] Black wants to play ...f3+.} 22. f3 $1 fxg3 23. hxg3 d3 $2 (23... Qf5 $16 {was called for.} 24. a3 Be3) 24. exd3 $18 exf3+ 25. Rxf3 Rxf3 26. Kxf3 Qh3 27. Qg2 Qf5+ 28. Ke2 h5 (28... Qe6+ {might work better.} 29. Kd1 Kg7) 29. Qd5+ {Precision: White = 70%, Black = 21%.} 1-0

[Event "5th Srefidensi Celebration 2017"]
[Site "Paramaribo"]
[Date "2017.11.22"]
[Round "1"]
[White "Harper, Ryan"]
[Black "Lu, Shanglei"]
[Result "0-1"]
[WhiteElo "2201"]
[BlackElo "2640"]
[Annotator "TA"]
[PlyCount "90"]
[EventDate "2017.??.??"]
[EventCountry "SUR"]
[SourceTitle "playchess.com"]
[Source "ChessBase"]
[SourceQuality "1"]

{[%evp 10,90,36,6,14,-11,12,-22,3,-57,-58,-56,-51,-67,-47,-47,-50,-64,-58,-32,-40,-43,-41,-19,-14,-35,45,20,55,20,23,18,31,11,39,0,0,0,0,-57,-45,-52,-54,-127,55,57,64,64,43,36,70,68,108,104,91,93,130,93,98,0,10,2,6,0,0,-8,0,-33,-8,-18,-18,-18,-18,-26,-37,-46,-50,-81,-117,-414,-389,-1090,-923]} 1. e4 c5 2. Nf3 d6 3. d4 cxd4 4. Nxd4 Nf6 5. Nc3 a6 6. Nb3 Nbd7 {B90: Sicilian Najdorf: Unusual White 6th moves, 6 Be3 Ng4 and 6 Be3 e5} (6... e6 7. g4 b5 8. Bg2 Bb7 9. g5 Nfd7 10. O-O Be7 11. f4 O-O 12. Qg4 Re8 13. Be3 Nc6 14. Rad1 {1-0 (51) Demchenko,A (2645)-Areshchenko,A (2652) Tbilisi 2017}) 7. Bg5 h6 8. Bh4 $146 ({Predecessor:} 8. Bxf6 Nxf6 9. Be2 e6 10. O-O b5 11. a3 Bb7 12. f3 Be7 13. Qd2 O-O 14. Rad1 Rc8 {0-1 (40) Nevolin,V (1715)-Danielyan,L (2106) Lazarevskoe 2014}) 8... e6 {The position is equal.} 9. Qe2 (9. Bg3 $11) 9... b5 $15 10. a3 Bb7 11. f4 Be7 12. O-O-O Rc8 13. Be1 O-O 14. g4 Rxc3 15. Bxc3 Nxe4 16. Ba5 $1 {[%cal Ra5d8]} Qa8 $1 {With the idea ...Ng3!} 17. Rg1 $1 {[%cal Bh1g1,Bg1g3,Bg3e3][%mdl 32]} Rc8 (17... e5 $15) 18. Bg2 $14 Bf6 19. Bh1 Ndc5 20. Nxc5 Nxc5 21. Bxb7 Qxb7 22. Rg3 Ne4 23. Re3 d5 24. h4 (24. Rh3 $11) 24... Bxh4 $15 25. Qh2 Qc6 {Hoping for ...Bf2.} 26. Bc3 {[#]} ({White should try} 26. Rf3 $15) 26... Be7 $2 {[#]} ({Black should play} 26... Nf2 $1 $17 27. Rd2 Nxg4) 27. g5 $1 $14 {[%cal Rg5h6][%mdl 512]} Nxg5 {And now ...Bd6 would win.} (27... hxg5 28. Rh3) 28. Rg3 $1 {Strongly threatening Be5.} Bd6 29. fxg5 Qc7 $1 30. Rdg1 $1 Bxg3 31. Qxg3 Qxg3 32. Rxg3 {[%mdl 4096] Endgame gxh6 is the strong threat. KRB-KR} h5 33. g6 {Threatens to win with gxf7+.} f6 34. Rh3 (34. Re3 $16) 34... Rc4 $1 $11 35. Rxh5 Rg4 36. b3 Rxg6 37. Rh4 e5 38. a4 d4 39. Bb4 Rg1+ 40. Kd2 g5 {[%cal Bg7g5,Bg5g4,Bg4g3,Bg3g2][%mdl 32]} 41. Rh2 bxa4 42. bxa4 g4 43. Kd3 Kf7 {[%mdl 1024] Black has strong compensation.} 44. c3 $2 {[%mdl 8192]} (44. Rh7+ $17 {was called for.} Kg6 45. Ra7) 44... g3 $19 45. Rh3 $2 (45. Rc2 Rd1+ 46. Kc4) 45... g2 {Precision: White = 35%, Black = 58%.} 0-1

[Event "5th Srefidensi Celebration 2017"]
[Site "Paramaribo"]
[Date "2017.11.22"]
[Round "1"]
[White "Cupid, Kevin"]
[Black "Gu, Xiaobing"]
[Result "0-1"]
[WhiteElo "2163"]
[BlackElo "2332"]
[Annotator "TA"]
[PlyCount "70"]
[EventDate "2017.??.??"]
[EventCountry "SUR"]
[SourceTitle "playchess.com"]
[Source "ChessBase"]
[SourceQuality "1"]

{[%evp 16,70,35,5,54,22,62,25,37,-1,14,-22,22,0,2,0,0,0,0,0,0,-20,27,30,54,55,40,27,27,36,65,27,17,17,12,0,0,-42,-8,-165,-42,-39,-37,-37,-35,-35,-37,-35,-40,-39,-29,-143,-133,-1119,-1092,-1102,-1083]} 1. d4 Nf6 2. c4 g6 3. Nc3 Bg7 4. Nf3 d6 5. Bg5 h6 6. Bh4 O-O 7. e3 c6 8. Be2 Nbd7 9. O-O Re8 {E61: King's Indian: Early deviations for White, including Smyslov System} (9... g5 $5 {[%cal Rg5h4]} 10. Bg3 Nh5 $14) (9... g5 10. Bg3 Nh5 11. Nd2 Nxg3 12. hxg3 e6 13. Nde4 Qe7 14. g4 f5 15. Ng3 f4 16. Nh5 Nf6 17. Qc2 Nxh5 18. gxh5 e5 19. dxe5 Qxe5 20. exf4 gxf4 {0-1 (40) Pedersen,N (2403)-Hoi,C (2377) Denmark 2016}) 10. Rc1 Qb6 11. Na4 $146 ({Predecessor:} 11. b3 e5 12. Na4 Qa5 13. dxe5 dxe5 14. Qc2 e4 15. Nd2 Qf5 16. Nc3 Nc5 {0-1 (37) Prendes Garcia Barrosa,M-Rodriguez Rozada,D Norena 2001}) 11... Qc7 {White has an edge.} 12. c5 dxc5 13. dxc5 e5 14. Qc2 Nf8 15. Nd2 Bf5 16. Qb3 Be6 17. Bc4 g5 18. Bxe6 Rxe6 19. Bg3 Nh5 20. Rfd1 f5 {With the idea ...f4.} 21. f3 Nxg3 22. hxg3 Kh8 23. e4 f4 24. Nc4 fxg3 25. Nd6 Rf6 26. Rd2 Ne6 27. Rcd1 $2 {[#]} (27. Qxb7 $11 Qxb7 28. Nxb7) 27... Nd4 (27... b5 $1 $19 28. cxb6 axb6) 28. Qxb7 $15 Qxb7 29. Nxb7 h5 {...g4 is the strong threat.} 30. Nd6 g4 31. fxg4 Bh6 $36 {[%mdl 2048] [#] Hoping for ...Be3+. Black has the initiative.} 32. Rd3 Rg8 33. Nf5 (33. gxh5 Ne2+ 34. Kh1 Rg5 $19) (33. Nc3 $1 $11) 33... Rxg4 $17 34. Rxd4 $4 {[%mdl 8192]} (34. b3 $17) 34... exd4 $19 35. Nxh6 Rxe4 {Precision: White = 22%, Black = 50%.} 0-1

[Event "5th Srefidensi Celebration 2017"]
[Site "Paramaribo"]
[Date "2017.11.21"]
[Round "1"]
[White "Sanches, Casanova Romario"]
[Black "Zavarce, Oscar Enrique"]
[Result "1/2-1/2"]
[WhiteElo "2103"]
[BlackElo "2391"]
[Annotator "TA"]
[PlyCount "72"]
[EventDate "2017.??.??"]
[EventCountry "SUR"]
[SourceTitle "playchess.com"]
[Source "ChessBase"]
[SourceQuality "1"]

{[%evp 12,72,9,-6,23,29,30,34,38,16,19,24,44,37,70,57,91,51,77,69,74,-94,92,-18,-20,-10,-22,-14,0,-14,0,6,54,22,22,0,33,-9,44,26,40,0,1,0,0,0,0,0,0,0,0,0,0,0,0,0,0,0,0,0,0,0,0]} 1. c4 c5 2. Nc3 b6 3. e4 Bb7 4. g3 g6 5. Bg2 Bg7 6. Nge2 Nc6 {A34: Symmetrical English: 2 Nc3, lines with ...d5} 7. O-O {LiveBook: 22 Games} (7. d3 a6 8. O-O e6 9. Be3 Nd4 10. Qd2 Ne7 11. Bh6 O-O 12. Bxg7 Kxg7 13. b4 Nec6 14. Rab1 {0-1 (44) Guramishvili,S (2363)-Ramirez,A (2555) Reykjavik 2017}) 7... Nd4 8. d3 d6 {White has an edge.} 9. Nxd4 cxd4 10. Qa4+ $146 ({Predecessor:} 10. Nd5 e6 11. Qa4+ {0-1 (35) Erofeev,A (2131)-Moskalenko,A (2300) Dagomys 2004}) 10... Qd7 11. Qxd7+ Kxd7 12. Ne2 Kc7 13. b4 a5 14. Bb2 e5 15. f4 {aiming for fxe5.} Nh6 {[#]} 16. Bc1 $2 (16. c5 $1 $16 {[%mdl 512] keeps the pressure on.}) 16... Rhf8 $2 {[#]} (16... axb4 $17 17. Bd2 Ra3) 17. Bd2 (17. c5 $1 $16 {[%mdl 512]}) 17... axb4 $1 $11 18. fxe5 dxe5 19. Bxb4 Rfe8 {[%cal Bf8e8,Be8e7,Be7f7][%mdl 32]} 20. a4 Bf8 21. Bd2 Re7 22. a5 bxa5 23. Bxa5+ Kb8 24. Rfb1 Kc8 (24... Ng4 $11) 25. Bh3+ $14 f5 26. Rf1 Rf7 {The position is equal.} 27. Bd2 Rxa1 28. Rxa1 Ng4 29. Bxg4 fxg4 30. Rf1 Rxf1+ 31. Kxf1 $11 {[%mdl 4096] Endgame KBB-KBN} Be7 32. Nc1 Bc6 33. Ke2 h5 34. Na2 Kd7 35. Nb4 Bxb4 36. Bxb4 Ke6 {Precision: White = 49%, Black = 38%.} 1/2-1/2

[Event "5th Srefidensi Celebration 2017"]
[Site "Paramaribo"]
[Date "2017.11.21"]
[Round "1"]
[White "Hanoeman, Suradj"]
[Black "Garcia Martinez, Silvino"]
[Result "0-1"]
[WhiteElo "2048"]
[BlackElo "2335"]
[Annotator "TA"]
[PlyCount "44"]
[EventDate "2017.??.??"]
[EventCountry "SUR"]

{[%evp 11,44,-22,-6,-10,-4,-2,-6,-6,25,0,27,13,6,-250,-247,-279,-282,-286,-276,-409,-428,-458,-465,-452,-462,-459,-396,-413,-412,-413,-399,-496,-467,-611,-605]} 1. d4 Nf6 2. Nf3 e6 3. Bg5 d5 4. Nc3 Be7 5. Bxf6 Bxf6 6. e4 a6 {LiveBook: 5 Games} 7. Bd3 $1 {C14: French: Classical System: 4 Bg5 Be7 main line} Nc6 8. e5 Be7 9. a3 {The position is equal.} b6 (9... Na5 10. b3 b6 11. Ne2 c5 12. Ng3 cxd4 13. Nxd4 Qc7 14. Nf3 Nc6 {0-1 (30) Marzolo,C (2428)-Bauer,C (2636) Nancy 2005}) 10. O-O Bb7 $146 ({Predecessor:} 10... Na5 11. b4 Nc4 12. Bxc4 dxc4 13. d5 O-O 14. Qd4 Bb7 {0-1 (38) Cid,M (2440)-Prie,E (2435) Novi Sad 1990}) 11. Re1 g5 {[%cal Bg7g5,Bg5g4][%mdl 32]} 12. Nxd5 $2 {[%mdl 8192] [#]} (12. b4 $11) 12... Qxd5 $19 ({Resist} 12... exd5 13. e6 $17) 13. c4 Qd7 {...g4 is the strong threat.} 14. d5 O-O-O 15. Qc2 (15. Be4 $142 Na7 16. Qc2) 15... g4 16. Nd2 Kb8 17. Nb3 Bg5 18. Rad1 Ne7 19. Nd4 c5 20. dxc6 Nxc6 ({Weaker is} 20... Qxd4 21. cxb7 Qc5 22. b4 $17) 21. Nb3 Qc7 22. Qc3 Bf4 {Precision: White = 32%, Black = 71%.} 0-1

[Event "5th Srefidensi Celebration 2017"]
[Site "Paramaribo"]
[Date "2017.11.22"]
[Round "2"]
[White "Lu, Shanglei"]
[Black "Halfhide, Sebastian"]
[Result "1-0"]
[WhiteElo "2640"]
[BlackElo "2333"]
[Annotator "TA"]
[PlyCount "97"]
[EventDate "2017.??.??"]
[EventCountry "SUR"]
[SourceTitle "playchess.com"]
[Source "ChessBase"]
[SourceQuality "1"]

{[%evp 21,97,0,6,6,10,20,12,0,0,0,0,-13,0,-32,-22,-22,-18,-16,-14,-25,-27,-25,-29,-61,-13,-38,-24,-36,-30,-37,-42,-28,-10,-8,-12,-16,-18,-27,0,0,0,0,0,-2,0,0,0,-2,0,0,0,0,0,0,0,0,0,0,0,0,0,0,0,0,0,0,45,44,54,28,25,24,20,0,29969,0,29970,29966]} 1. e4 c5 2. Nf3 e6 3. g3 Nc6 4. Bg2 Nf6 5. Nc3 a6 6. d4 cxd4 7. Nxd4 Qc7 8. O-O Nxd4 9. Qxd4 Bc5 10. Bf4 d6 11. Qd3 Nd7 12. Na4 {B47: Sicilian: Taimanov: 5 Nc3 Qc7 6 f4, 6 g3 and 6 Be2} e5 13. Bd2 Bd4 14. Bc3 {The position is equal.} (14. Nc3 Nf6 15. Rac1 Be6 16. b3 Rc8 17. Nd1 h5 18. Be3 Bc5 19. Bxc5 Qxc5 {½-½ (47) Ivanov,A (2529)-Robson,R (2620) Saint Louis 2013}) 14... Nc5 15. Nxc5 Bxc5 16. Kh1 Be6 $146 ({Predecessor:} 16... Bd7 17. a4 O-O 18. f4 exf4 19. gxf4 Rae8 {0-1 (32) Kostin,A (2400)-Geller,J (2500) Voronezh 2007}) 17. Rad1 Rc8 18. Qd2 O-O 19. f4 f6 20. a4 b5 21. axb5 axb5 22. h3 Qb6 {Threatens to win with ...b4.} 23. Ba5 Qb8 (23... Qb7 {is interesting.} 24. Ra1 b4 25. c3 bxc3 26. bxc3 Rb8) 24. Bb4 Bxb4 25. Qxb4 Rxc2 26. Rxd6 {[#]} Rxb2 $1 {[%mdl 512]} 27. Qxb2 Qxd6 28. Qxb5 exf4 29. gxf4 Qa3 30. Kh2 Qe3 31. Qc6 Bf7 32. Rf3 Qd2 33. e5 Qd5 ({Much weaker is} 33... Bd5 $6 34. Qd7 $16) 34. Qc7 Qd8 35. Rc3 Qxc7 36. Rxc7 $11 {[%mdl 4096] Endgame KRB-KRB} Re8 37. Bc6 {Black must now prevent e6.} Rd8 38. Bd7 fxe5 39. fxe5 Be8 40. Be6+ Kf8 41. Kg3 Rd4 42. Kf3 Rb4 43. Ke3 Ra4 44. Bc4 Ra3+ 45. Kd4 {e6 is the strong threat.} Rxh3 46. e6 {[%csl Gc7][%cal Be5e6,Be6e7][%mdl 32]} g5 $1 47. Ke5 {And now Bd5 would win.} Rh6 $2 {[%mdl 8192] [#]} (47... g4 $11) 48. e7+ Kg7 49. Rc8 {Precision: White = 59%, Black = 68%.} 1-0

[Event "5th Srefidensi Celebration 2017"]
[Site "Paramaribo"]
[Date "2017.11.22"]
[Round "2"]
[White "Zavarce, Oscar Enrique"]
[Black "Guerrero Vargas, Andres Jesus"]
[Result "1/2-1/2"]
[WhiteElo "2391"]
[BlackElo "2307"]
[Annotator "TA"]
[PlyCount "51"]
[EventDate "2017.??.??"]
[EventCountry "SUR"]
[SourceTitle "playchess.com"]
[Source "ChessBase"]
[SourceQuality "1"]

{[%evp 22,51,17,4,72,0,0,0,0,0,0,0,0,0,0,0,0,0,0,0,0,0,0,0,0,0,0,-8,-8,-8,-9,-8]} 1. e4 c5 2. Nc3 a6 3. g3 b5 4. Bg2 Bb7 5. d3 e6 6. Nf3 Be7 7. O-O d6 8. a4 {B40: Sizilianisch (Klassisches System mit e7-e6)} b4 9. Nb1 Nf6 10. Nbd2 O-O 11. Nc4 Nbd7 12. Re1 {LiveBook: 3 Partien} Nb6 $146 (12... a5 $11 {hält das Gleichgewicht.}) ({Vorgänger:} 12... a5 13. Bg5 Ra6 14. e5 Ne8 15. Bxe7 Qxe7 16. exd6 Nxd6 {0-1 (40) Sigurjonsson,G (2530)-Portisch,L (2625) Las Palmas 1976}) 13. Nxb6 (13. Na5 $16 Qc7 14. Nxb7 Qxb7 15. a5) 13... Qxb6 $11 {Die Stellung ist ausgeglichen.} 14. e5 dxe5 15. Nxe5 Bxg2 16. Kxg2 Qb7+ 17. Qf3 Qxf3+ 18. Nxf3 Nd5 19. Bg5 (19. Ne5 {is interesting.} Rfd8 20. b3 Bf6 21. Bb2 g6 22. Nc4) 19... Bxg5 20. Nxg5 Rac8 21. Ne4 Rfd8 22. Nd2 Ne7 23. Re5 Nf5 24. b3 Nd4 {Droht ...f6.} 25. Rc1 Rd5 26. Ree1 {Precision: Weiß = 44%, Schwarz = 84%.} 1/2-1/2

[Event "5th Srefidensi Celebration 2017"]
[Site "Paramaribo"]
[Date "2017.11.22"]
[Round "2"]
[White "Garcia Martinez, Silvino"]
[Black "Bruzon Batista, Lazaro"]
[Result "0-1"]
[WhiteElo "2335"]
[BlackElo "2661"]
[Annotator "TA"]
[PlyCount "68"]
[EventDate "2017.??.??"]
[EventCountry "SUR"]
[SourceTitle "playchess.com"]
[Source "ChessBase"]
[SourceQuality "1"]

{[%evp 15,68,21,14,14,27,0,8,0,0,0,0,0,4,-7,-7,0,6,0,0,0,0,0,0,-65,-66,-68,-70,-71,-60,-83,-101,-89,-89,-89,-75,-75,-56,-58,-58,-98,-94,-79,-64,-56,-64,-208,-148,-388,-102,-283,-283,-270,-261,-1119,-1115]} 1. e4 c5 2. Nf3 e6 3. d4 cxd4 4. Nxd4 a6 5. Nc3 Qc7 6. Bd3 Nc6 7. Nxc6 bxc6 8. Qe2 {B46: Sicilian: Taimanov: 5 Nc3 a6} (8. O-O Nf6 9. Qe2 d5 10. Bg5 Bb7 11. f4 h6 12. Bh4 Be7 13. Bg3 O-O 14. e5 Ne8 15. f5 exf5 16. Bxf5 Qb6+ 17. Kh1 g6 {1-0 (34) Wei,Y (2740)-Ivanchuk,V (2732) Hoogeveen 2017}) 8... Bb7 {LiveBook: 4 Games} 9. f4 d5 10. Bd2 {White has an edge.} Nf6 $146 ({Predecessor:} 10... Bc5 11. O-O-O Ne7 12. Rde1 f6 13. Na4 Ba7 14. exd5 exd5 15. Rhf1 {1-0 (36) Dobrikov,M (1902)-Lommel,H (1619) Willingen 2016}) 11. e5 Nd7 12. Na4 c5 {[#] Strongly threatening ...c4.} 13. c4 d4 14. b3 Be7 15. O-O O-O 16. Rae1 g6 17. Nb2 Rfe8 18. Nd1 a5 19. Nf2 ({White should play} 19. a4 $11) 19... a4 $15 20. Ne4 axb3 21. axb3 Reb8 22. Ng5 Bxg5 23. fxg5 Ra2 24. Rf2 Bc6 25. Qd1 Qb7 26. Bc2 Rba8 27. Bc1 Ra1 $36 {[%mdl 2048] White is under strong pressure.} 28. Qd2 Qb4 29. Qxb4 cxb4 30. Bd2 ({White has to play} 30. Rd2 $1 $15) 30... Nxe5 31. Bxb4 $2 (31. Bb1 $17 {is the only way for White.}) 31... Ng4 $2 (31... Rxe1+ $19 32. Bxe1 Ra1) 32. Rff1 $2 {[#]} (32. Rfe2 $17) 32... R1a2 $1 $19 {[%cal Ra2c2]} 33. Re2 Ne3 34. Rff2 $2 (34. Rc1) 34... Rxc2 {Precision: White = 32%, Black = 78%.} 0-1